Perlindungan Sinaran / (Record no. 26887)

000 -LEADER
fixed length control field 00874nam a22002297a 4500
001 - CONTROL NUMBER
control field 0000004007
003 - CONTROL NUMBER IDENTIFIER
control field PPM
005 - DATE AND TIME OF LATEST TRANSACTION
control field 20251027123534.0
008 - FIXED-LENGTH DATA ELEMENTS--GENERAL INFORMATION
fixed length control field 251027b ||||| |||| 00| 0 eng d
020 ## - INTERNATIONAL STANDARD BOOK NUMBER
International Standard Book Number 9679970132
Terms of availability RM 145.00
Qualifying information Hardback
035 ## - SYSTEM CONTROL NUMBER
System control number 0000004007
040 ## - CATALOGING SOURCE
Language of cataloging Malay
Transcribing agency Pusat Penyelidikan Mineral, Jabatan Mineral Dan Geosains Malaysia
Description conventions rda
082 00 - DEWEY DECIMAL CLASSIFICATION NUMBER
Edition number 21
Classification number 363.1799
Item number PER 2007
245 ## - TITLE STATEMENT
Title Perlindungan Sinaran /
Statement of responsibility, etc. disunting oleh Abd Khalik Hj Wood, Idris Besar, Shafaai Hassan, Zaharudin Ahmad
260 #1 - PUBLICATION, DISTRIBUTION, ETC.
Place of publication, distribution, etc. Bangi, Selangor :
Name of publisher, distributor, etc. Institut Penyelidikan Teknologi Nuklear Malaysia (MINT),
Date of publication, distribution, etc. 2007
300 00 - PHYSICAL DESCRIPTION
Extent xiii, 359 pages .:
Other physical details some colour, table, illustrations .;
Dimensions 25 cm
504 ## - BIBLIOGRAPHY, ETC. NOTE
Bibliography, etc. note Mengandungi bibliografi
650 10 - SUBJECT ADDED ENTRY--TOPICAL TERM
Topical term or geographic name entry element Radiation
General subdivision Safety measures
650 10 - SUBJECT ADDED ENTRY--TOPICAL TERM
Topical term or geographic name entry element Radiation dosimetry
700 1# - ADDED ENTRY--PERSONAL NAME
Personal name Abd Khalik Hj Wood
Relator term editor
942 ## - ADDED ENTRY ELEMENTS (KOHA)
Source of classification or shelving scheme
Koha item type Books
Holdings
Withdrawn status Lost status Source of classification or shelving scheme Damaged status Not for loan Collection code Permanent Location Current Location Shelving location Date acquired Total Checkouts Full call number Date last seen Price effective from Koha item type
Available         Open Shelf PPM PPM Open Shelf 27/10/2025   363.1799 PER 2007 27/10/2025 27/10/2025 Books